000 01021nam a2200241Ia 4500
003 OSt
005 20220923224921.0
006 a|||||r|||| 00| 0
007 ta
008 220922b |||||||| |||| 00| 0 hin d
024 _a253,628
037 _cTextual
040 _aARTS
_cARTS
_bhin
041 _2hin
_ahin
082 _aWv2.A, 152P4
100 _aविट्ज़ेल, माइकेल; व्यास, नरेंद्र, अनु.
_9168266
245 0 _aआर्यों के भारतीय मूल की कल्पना
_b इतिहास में मिथक का मिश्रण
246 _aĀryoan ke bhāratīya mūl kī kalpanā: itihās mean mithak kā mishraṇa
260 _aनयी दिल्ली
_b ग्रंथ शिल्पी
_c2004
300 _a226पृ.
_ccm.
942 _hWv2.A, 152P4
_cTEXL
_2CC
999 _c374655
_d374655